000 00266pab a2200109 454500
008 180718b xxu||||| |||| 00| 0 eng d
100 _aO'Brien, R.J.(BOB)
245 _aPolicing in the 21st century
650 _aPolice
773 _aIndian Public Journal
909 _a23847
999 _c23847
_d23847